The poems of Virgil / (Record no. 21745)
[ view plain ]
| 000 -LEADER | |
|---|---|
| fixed length control field | 01096cam a2200313u 4500 |
| 001 - CONTROL NUMBER | |
| control field | 21745 |
| 003 - CONTROL NUMBER IDENTIFIER | |
| rucl marc code | BD-RjUL |
| 005 - DATE AND TIME OF LATEST TRANSACTION | |
| control field | 20211209000725.0 |
| 008 - FIXED-LENGTH DATA ELEMENTS--GENERAL INFORMATION | |
| fixed length control field | 140305r1951 enk 000 0 eng |
| 035 ## - SYSTEM CONTROL NUMBER | |
| System control number | (BD-RjUL)21810 |
| 040 ## - CATALOGING SOURCE | |
| Original cataloging agency | DLC |
| Transcribing agency | CarP |
| Modifying agency | DLC |
| -- | BD-RjUL |
| Language of cataloging | eng |
| 041 ## - LANGUAGE CODE | |
| Language code of text/sound track or separate title | eng |
| 082 ## - DEWEY DECIMAL CLASSIFICATION NUMBER | |
| Classification number | 873.1 |
| Author mark and year | VIP 1951 |
| 100 0# - MAIN ENTRY--PERSONAL NAME | |
| Personal name | Virgil. |
| 9 (RLIN) | 67157 |
| 245 04 - TITLE STATEMENT | |
| Title | The poems of Virgil / |
| Statement of responsibility, etc. | traslated into English verse by James Rhoade |
| 260 ## - PUBLICATION, DISTRIBUTION, ETC. (IMPRINT) | |
| Place of publication, distribution, etc. | London ; |
| -- | New York [etc.] : |
| Name of publisher, distributor, etc. | Oxford university press. |
| Date of publication, distribution, etc. | [Reprinted 1951] |
| 300 ## - PHYSICAL DESCRIPTION | |
| Pagination | xi, [1], 424 p. ; |
| Size | 16 cm. |
| 600 00 - SUBJECT ADDED ENTRY--PERSONAL NAME | |
| Personal name | Virgil |
| 650 #0 - SUBJECT ADDED ENTRY--TOPICAL TERM | |
| Topical term or geographic name as entry element | Didactic poetry, Latin |
| Form subdivision | Translations into English. |
| 9 (RLIN) | 67159 |
| Topical term or geographic name as entry element | Pastoral poetry, Latin |
| Form subdivision | Translations into English. |
| 9 (RLIN) | 67160 |
| Topical term or geographic name as entry element | Epic poetry, Latin |
| Form subdivision | Translations into English. |
| 9 (RLIN) | 67161 |
| Topical term or geographic name as entry element | Aeneas (Legendary character) |
| Form subdivision | Poetry. |
| 9 (RLIN) | 67162 |
| Topical term or geographic name as entry element | Country life |
| Form subdivision | Poetry. |
| 9 (RLIN) | 67163 |
| Topical term or geographic name as entry element | Agriculture |
| Form subdivision | Poetry. |
| 9 (RLIN) | 67164 |
| 700 1# - ADDED ENTRY--PERSONAL NAME | |
| Personal name | Rhodes, James, |
| Dates associated with a name | 1841- [from old catalog] |
| Relator term | tr. |
| 942 ## - ADDED ENTRY ELEMENTS (KOHA) | |
| Source of classification or shelving scheme | Dewey Decimal Classification |
| Koha item type | Books |
| Lost status | Source of classification or shelving scheme | Damaged status | Not for loan | Collection code | Permanent Location | Current Location | Shelving location | Date acquired | Source of acquisition | Cost, normal purchase price | Total Checkouts | Full call number | Date last seen | Copy number | Koha item type |
|---|---|---|---|---|---|---|---|---|---|---|---|---|---|---|---|
| Dewey Decimal Classification | Added to bundle | Fiction | Central Library, University of Rajshahi | Central Library, University of Rajshahi | Reading Room | 29/01/1955 | M. B. P. Dacca | 3.20 | 873.1 VIP 1951 | 05/03/2014 | C-1 | Books |